Clinical companion to Medical-surgical nursing / (Record no. 21420)

000 -LEADER
fixed length control field 01373cam a2200325 a 4500
001 - CONTROL NUMBER
control field 13438923
003 - CONTROL NUMBER IDENTIFIER
control field OSt
005 - DATE AND TIME OF LATEST TRANSACTION
control field 20170121121703.0
008 - FIXED-LENGTH DATA ELEMENTS--GENERAL INFORMATION
fixed length control field 031219s2004 moua f 001 0 eng
010 ## - LIBRARY OF CONGRESS CONTROL NUMBER
LC control number 2003283905
020 ## - INTERNATIONAL STANDARD BOOK NUMBER
International Standard Book Number 0323018963
040 ## - CATALOGING SOURCE
Original cataloging agency DLC
Transcribing agency DLC
Modifying agency DLC
050 00 - LIBRARY OF CONGRESS CALL NUMBER
Classification number RT41
Item number .M488 2004 Suppl.
082 00 - DEWEY DECIMAL CLASSIFICATION NUMBER
Classification number 610.73
Edition number 22
100 1# - MAIN ENTRY--PERSONAL NAME
Personal name Dirksen, Shannon Ruff.
245 10 - TITLE STATEMENT
Title Clinical companion to Medical-surgical nursing /
Statement of responsibility, etc. Shannon Ruff Dirksen, Sharon Mantik Lewis, Margaret mcLean Heitkemper.
260 ## - PUBLICATION, DISTRIBUTION, ETC. (IMPRINT)
Place of publication, distribution, etc. St. Louis :
Name of publisher, distributor, etc. Mosby,
Date of publication, distribution, etc. c2004.
300 ## - PHYSICAL DESCRIPTION
Extent xiv, 813 p. :
Other physical details ill. ;
Dimensions 19 cm.
500 ## - GENERAL NOTE
General note Companion v. to: Medical-surgical nursing / [edited by] Sharon Mantik Lewis, Idolia Cox Collier, Margaret M. Heitkemper. 4th ed. c1996.
500 ## - GENERAL NOTE
General note Includes index.
650 #0 - SUBJECT ADDED ENTRY--TOPICAL TERM
Topical term or geographic name as entry element Nursing
Form subdivision Handbooks, manuals, etc.
650 #0 - SUBJECT ADDED ENTRY--TOPICAL TERM
Topical term or geographic name as entry element Surgical nursing
General subdivision Handbooks, manuals, etc.
650 12 - SUBJECT ADDED ENTRY--TOPICAL TERM
Topical term or geographic name as entry element Perioperative Nursing
General subdivision handbooks.
650 22 - SUBJECT ADDED ENTRY--TOPICAL TERM
Topical term or geographic name as entry element Nursing Care
General subdivision handbooks.
650 22 - SUBJECT ADDED ENTRY--TOPICAL TERM
Topical term or geographic name as entry element Nursing Assessment.
700 1# - ADDED ENTRY--PERSONAL NAME
Personal name Lewis, Sharon Mantik.
700 1# - ADDED ENTRY--PERSONAL NAME
Personal name Collier, Idolia Cox.
906 ## - LOCAL DATA ELEMENT F, LDF (RLIN)
a 7
b cbc
c origcop
d 2
e ncip
f 20
g y-gencatlg
942 ## - ADDED ENTRY ELEMENTS (KOHA)
Source of classification or shelving scheme
Koha item type Hard Covered Materials
Classification part RT 41 .D57 2004
Holdings
Withdrawn status Lost status Source of classification or shelving scheme Damaged status Not for loan Home library Current library Shelving location Date acquired Source of acquisition Total Checkouts Full call number Barcode Date last seen Price effective from Koha item type
          MACHAKOS UNIVERSITY LIBRARY MACHAKOS UNIVERSITY LIBRARY Technical section 21/01/2017 Donation (BFA)   RT 41 .D57 2004 31321 07/08/2018 21/01/2017 Hard Covered Materials
© Machakos University Library, Along The Highway, Machakos Wote Rd, Machakos, Kenya P.O. Box 136 - 90100 Machakos - Kenya

Tel: ( +254 ) 723 805829 OR Fax : 044-20353 OR Email: library@mksu.ac.ke